Wars by Date - Statistics

General Stats
  • This quiz has been taken 28 times
  • The average score is 11 of 29
Answer Stats
Start Year Answer End Year % Correct
1914 World War I 1918
88%
1939 World War II 1945
88%
1950 Korean War 2018
67%
1955 Vietnam War 1975
67%
1337 Hundred Years War 1453
58%
1861 American Civil War 1865
54%
1803 Napoleonic Wars 1815
54%
264 BCE Punic Wars 146 BCE
54%
1917 Russian Civil War 1921
54%
1618 Thirty Years War 1648
46%
1853 Crimean War 1856
42%
1756 Seven Years War 1763
42%
1967 Six-Day War 1967
42%
1927 Chinese Civil War 1949
38%
1095 Crusades 1291
38%
1980 Iran-Iraq War 1988
38%
2011 Syrian Civil War Ongoing
38%
~1194 BCE Trojan War ~1184 BCE
29%
2001 War on Terror 2021
29%
1700 Great Northern War 1721
17%
622 CE Islamic Conquests 750 CE
17%
1206 Mongol Conquests 1405
17%
44 BCE Roman Civil Wars 30 BCE
17%
711 CE Reconquista 1492
13%
499 BCE Greco-Persian Wars 448 BCE
8%
1998 Second Congo War 2003
8%
220 CE Three Kingdoms War 280 CE
8%
1370 Conquests of Timur 1405
4%
1864 Paraguayan War 1870
4%
No matching quizzes found
Score Distribution
Percent of People with Each Score
Percentile by Number Answered
Your Score History
You have not taken this quiz